[Event "SVK-chT4 A22 1819"]
[Site "Slovakia"]
[Date "2019.02.17"]
[Round "9.4"]
[White "Slezak, Rudolf"]
[Black "Sipkovsky, Ladislav"]
[Result "1/2-1/2"]
[WhiteElo "1687"]
[BlackElo "1758"]
[PlyCount "74"]
[EventDate "2018.10.14"]
[EventType "team-tourn"]
[EventRounds "11"]
[EventCountry "SVK"]
[SourceTitle "EXT 2020"]
[Source "ChessBase"]
[SourceDate "2019.10.17"]
[SourceVersion "1"]
[SourceVersionDate "2019.10.17"]
[SourceQuality "1"]

1. Nf3 Nc6 2. c4 b6 3. g3 Bb7 4. Bg2 g6 5. 0-0 Bg7 6. Nc3 e6 7. d4 Qc8 8. Bf4 a6 9. e4 Nge7 10. Qd2 0-0 11. Rac1 Re8 12. Rfe1 Nd8 13. Bh6 d6 14. Bxg7 Kxg7 15. h4 h5 16. Bh3 Qb8 17. Nh2 Rh8 18. Re3 Ng8 19. e5 Nc6 20. f4 Nce7 21. d5 Nf5 22. Bxf5 exf5 23. Rce1 dxe5 24. fxe5 Nh6 25. Qd4 Rf8 26. e6+ f6 27. e7 Re8 28. Re6 Ng8 29. Rxf6 Nxf6 30. Re6 Rf8 31. exf8Q+ Qxf8 32. Qe5 Qc5+ 33. Kg2 Rf8 34. Re7+ Rf7 35. Rxf7+ Kxf7 36. b3 Qe7 37. Nf3 Ng4 1/2-1/2

[Event "SVK-chT4 A22 1819"]
[Site "Slovakia"]
[Date "2019.01.20"]
[Round "7.5"]
[White "Sipkovsky, Ladislav"]
[Black "Rakasz, Botond"]
[Result "1-0"]
[WhiteElo "1750"]
[BlackElo "1061"]
[PlyCount "65"]
[EventDate "2018.10.14"]
[EventType "team-tourn"]
[EventRounds "11"]
[EventCountry "SVK"]
[SourceTitle "EXT 2020"]
[Source "ChessBase"]
[SourceDate "2019.10.17"]
[SourceVersion "1"]
[SourceVersionDate "2019.10.17"]
[SourceQuality "1"]

1. e4 e5 2. Nf3 Nc6 3. Bc4 Nf6 4. d3 Bc5 5. h3 0-0 6. c3 d6 7. b4 Bb6 8. a4 a5 9. b5 Ne7 10. 0-0 c6 11. Na3 d5 12. exd5 cxd5 13. Ba2 Qd6 14. Nc2 Bf5 15. Qe2 Ng6 16. Nfe1 Rae8 17. Qd1 Rc8 18. Bb2 Nf4 19. Ne3 Nxh3+ 20. gxh3 Bxh3 21. N1g2 Bc7 22. Qf3 Be6 23. Nf5 Bxf5 24. Qxf5 e4 25. Qh3 Ng4 26. dxe4 dxe4 27. Ba3 Qxa3 28. Bxf7+ Rxf7 29. Rxa3 Bh2+ 30. Kh1 Nxf2+ 31. Rxf2 Rxf2 32. Qxc8+ Rf8 33. Qc4+ 1-0

[Event "SVK-chT4 A22 1718"]
[Site "Slovakia"]
[Date "2017.10.29"]
[Round "3.4"]
[White "Uvacek, Radovan"]
[Black "Sipkovsky, Ladislav"]
[Result "0-1"]
[WhiteElo "1784"]
[BlackElo "1816"]
[PlyCount "96"]
[EventDate "2017.10.01"]
[EventType "team-tourn"]
[EventRounds "11"]
[EventCountry "SVK"]
[SourceTitle "EXT 2020"]
[Source "ChessBase"]
[SourceDate "2019.10.17"]
[SourceVersion "1"]
[SourceVersionDate "2019.10.17"]
[SourceQuality "1"]

1. e4 e5 2. Nf3 Nc6 3. Bc4 Bc5 4. c3 Nf6 5. d3 h6 6. 0-0 d6 7. Qe2 Bg4 8. Be3 Bb6 9. Nbd2 0-0 10. Bxb6 axb6 11. h3 Bh5 12. Qe3 Ne7 13. Nh2 c6 14. a3 b5 15. Ba2 c5 16. f4 exf4 17. Rxf4 Ng6 18. Rf2 Ne5 19. Raf1 Ned7 20. g4 Bg6 21. Qg3 Qe7 22. Qg2 Nh7 23. Ndf3 Ng5 24. Bd5 Rab8 25. Ba2 Ne6 26. Nd2 Ne5 27. Qg3 f6 28. d4 Nd7 29. Qe3 Bf7 30. Bxe6 Bxe6 31. d5 Bf7 32. Qd3 c4 33. Qd4 Nc5 34. Ndf3 Qxe4 35. Qd1 Nd3 36. Re2 Qxd5 37. Nd4 Rfe8 38. Rf5 Re5 39. Qd2 Bg6 40. Rxf6 gxf6 41. Qxh6 Qf7 42. Rg2 Re1+ 43. Nf1 Qh7 44. Qd2 Rbe8 45. Rh2 Qh4 46. Nf3 Qg3+ 47. Qg2 Qxg2+ 48. Rxg2 R1e2 0-1

[Event "SVK-chT4 A22 1415"]
[Site "Slovakia"]
[Date "2014.11.23"]
[Round "4.5"]
[White "Stefanek, Ivan"]
[Black "Sipkovsky, Ladislav"]
[Result "1/2-1/2"]
[WhiteElo "1411"]
[BlackElo "1837"]
[PlyCount "83"]
[EventDate "2014.10.12"]
[EventType "team-tourn"]
[EventRounds "11"]
[EventCountry "SVK"]
[SourceTitle "EXT 2019"]
[Source "ChessBase"]
[SourceDate "2018.10.10"]
[SourceVersion "1"]
[SourceVersionDate "2018.10.10"]
[SourceQuality "1"]

1. c4 g6 2. Nf3 Bg7 3. d4 d5 4. cxd5 Qxd5 5. Nc3 Qd8 6. e3 Nf6 7. Bc4 0-0 8. Qb3 Nc6 9. a3 Na5 10. Qa2 Nxc4 11. Qxc4 c6 12. Ne5 Be6 13. Qe2 Ne8 14. Bd2 Bb3 15. Ne4 Bd5 16. f3 Bxe5 17. dxe5 b6 18. b4 Bxe4 19. fxe4 e6 20. 0-0 Ng7 21. Rad1 Qc7 22. Bc3 Rfd8 23. Qf3 Rxd1 24. Rxd1 Rd8 25. Rd6 Ne8 26. Rxd8 Qxd8 27. Qe2 Nc7 28. g3 Nb5 29. Bb2 h5 30. Kf2 Kf8 31. Qc2 Qd7 32. h4 Ke8 33. Kf3 Kd8 34. Kf4 Kc7 35. Kg5 Qe7+ 36. Kh6 Kb7 37. Qf2 Nc7 38. Qf6 Qd7 39. Bd4 Ne8 40. Qf1 Qe7 41. Qf2 Qf8+ 42. Kg5 1/2-1/2

[Event "SVK-chT4 A22 1314"]
[Site "Slovakia"]
[Date "2014.01.12"]
[Round "6.3"]
[White "Sipkovsky, Ladislav"]
[Black "Suchan, Jozef"]
[Result "1/2-1/2"]
[WhiteElo "1819"]
[BlackElo "1716"]
[PlyCount "63"]
[EventDate "2013.10.06"]
[EventType "team-tourn"]
[EventRounds "11"]
[EventCountry "SVK"]
[SourceTitle "EXT 2015"]
[Source "ChessBase"]
[SourceDate "2014.11.20"]
[SourceVersion "1"]
[SourceVersionDate "2014.11.20"]
[SourceQuality "1"]
[WhiteTeam "Sered MSK"]
[BlackTeam "Trnava Lokomotiva IV"]
[WhiteTeamCountry "SVK"]
[BlackTeamCountry "SVK"]

1. e4 c6 2. d4 d5 3. e5 Bf5 4. Bd3 Bxd3 5. Qxd3 e6 6. Ne2 Nd7 7. c3 c5 8. b3 cxd4 9. cxd4 Bb4+ 10. Bd2 Bxd2+ 11. Nxd2 Ne7 12. 0-0 0-0 13. f4 Qb6 14. Kh1 Rac8 15. Nf3 h6 16. g4 Nb8 17. Nh4 Nbc6 18. a3 Nb8 19. f5 Qa6 20. Qd2 f6 21. exf6 Rxf6 22. Ng3 exf5 23. Nhxf5 Nxf5 24. Rxf5 Rxf5 25. Nxf5 Qf6 26. Re1 Nc6 27. Qe3 Rc7 28. Qd3 Ne7 29. Qg3 Rd7 30. Qd3 Rc7 31. Kg2 Ng6 32. Kg3 1/2-1/2

[Event "SVK-chT4 A22 1213"]
[Site "Slovakia"]
[Date "2013.03.03"]
[Round "10.4"]
[White "Petras, Stefan"]
[Black "Sipkovsky, Ladislav"]
[Result "1-0"]
[WhiteElo "1729"]
[BlackElo "1855"]
[PlyCount "125"]
[EventDate "2012.10.14"]
[EventType "team-tourn"]
[EventRounds "11"]
[EventCountry "SVK"]
[SourceTitle "EXT 2015"]
[Source "ChessBase"]
[SourceDate "2014.11.20"]
[SourceVersion "1"]
[SourceVersionDate "2014.11.20"]
[SourceQuality "1"]
[WhiteTeam "Dolna Krupa SK"]
[BlackTeam "Sered MSK"]
[WhiteTeamCountry "SVK"]
[BlackTeamCountry "SVK"]

1. e4 e5 2. Nf3 Nc6 3. Bc4 Bc5 4. c3 h6 5. 0-0 d6 6. d4 exd4 7. cxd4 Bb6 8. Nc3 Nf6 9. Re1 0-0 10. a3 Bg4 11. Be3 Bxf3 12. gxf3 Nh7 13. Kh1 Na5 14. Ba2 c5 15. Rg1 Kh8 16. Nd5 Nc6 17. Nxb6 axb6 18. d5 Ne5 19. Rg3 f5 20. Bd4 Qf6 21. Bxe5 Qxe5 22. Qb3 fxe4 23. Rag1 Rxf3 24. Rxf3 exf3 25. Qxb6 Qe7 26. Qb3 Rf8 27. Bb1 g5 28. Qc3+ Qg7 29. Qc2 Rf4 30. Qb3 Nf6 31. Qb6 Qe7 32. Qb3 Qf7 33. Qb6 Ne8 34. Qd8 Kg7 35. Re1 Rd4 36. Kg1 Rxd5 37. Ba2 Nf6 38. Bxd5 Nxd5 39. Kf1 Qf6 40. Qd7+ Qf7 41. Qd8 Kg6 42. Qxd6+ Kh5 43. Re6 Nf6 44. Qe7 Kg6 45. Qxf7+ Kxf7 46. Rb6 h5 47. Rxb7+ Ke6 48. Rb6+ Ke5 49. Rc6 Ne4 50. Rh6 Nd2+ 51. Ke1 Nc4 52. Rxh5 Kf4 53. h4 Nxb2 54. hxg5 Nd3+ 55. Kf1 Kf5 56. g6+ Kxg6 57. Rd5 c4 58. a4 Kf6 59. a5 Ke6 60. Rd4 Ne5 61. a6 c3 62. Ke1 Nc6 63. Rc4 1-0

[Event "SVK-chT4 A22 1213"]
[Site "Slovakia"]
[Date "2012.11.11"]
[Round "3.4"]
[White "Sipkovsky, Ladislav"]
[Black "Kosar, Mikulas1111"]
[Result "1-0"]
[WhiteElo "1855"]
[BlackElo "1738"]
[PlyCount "51"]
[EventDate "2012.10.14"]
[EventType "team-tourn"]
[EventRounds "11"]
[EventCountry "SVK"]
[SourceTitle "EXT 2015"]
[Source "ChessBase"]
[SourceDate "2014.11.20"]
[SourceVersion "1"]
[SourceVersionDate "2014.11.20"]
[SourceQuality "1"]
[WhiteTeam "Sered MSK"]
[BlackTeam "Gabcikovo Russel II"]
[WhiteTeamCountry "SVK"]
[BlackTeamCountry "SVK"]

1. e4 e5 2. Nf3 Nf6 3. Nc3 d6 4. Bb5+ Bd7 5. Bxd7+ Nbxd7 6. d3 Be7 7. 0-0 0-0 8. Ne2 c5 9. c4 Nb6 10. Ng3 g6 11. h3 Kh8 12. Nh2 Nbd7 13. f4 exf4 14. Bxf4 Ne5 15. Nf3 Nfd7 16. Bh6 Rg8 17. Be3 Bf6 18. Qb3 b6 19. Rad1 Qe7 20. Ne2 Nxf3+ 21. Rxf3 Ne5 22. Rff1 Rgf8 23. Nc3 Nd7 24. Nd5 Qd8 25. Nxf6 Nxf6 26. Qc3 1-0

[Event "SVK-ch sf 33rd corr"]
[Site "Slovakia"]
[Date "2004.??.??"]
[Round "?"]
[White "Simoncic, Ladislav"]
[Black "Sipkovsky, Ladislav"]
[Result "1-0"]
[WhiteElo "2053"]
[BlackElo "2083"]
[PlyCount "63"]
[EventDate "2003.??.??"]
[EventType "tourn (corr)"]
[EventRounds "12"]
[EventCountry "SVK"]
[SourceTitle "Corr 2006"]
[Source "ChessBase"]
[SourceDate "2006.04.01"]
[SourceVersion "3"]
[SourceVersionDate "2006.04.01"]
[SourceQuality "1"]

1. e4 e5 2. Nf3 Nc6 3. Bb5 a6 4. Ba4 Nf6 5. 0-0 Be7 6. Re1 b5 7. Bb3 0-0 8. c3 d6 9. h3 Na5 10. Bc2 c5 11. d4 Qc7 12. Nbd2 cxd4 13. cxd4 Nc6 14. Nb3 Bb7 15. Bd2 Rac8 16. d5 Nb8 17. Rc1 Nbd7 18. Nh4 Rfe8 19. Nf5 Bf8 20. Qf3 h6 21. Bd3 Qb8 22. Na5 Rxc1 23. Rxc1 Rc8 24. Nc6 Bxc6 25. dxc6 Nc5 26. Bb1 Qa8 27. Nxh6+ gxh6 28. Qxf6 Ne6 29. Rc3 Rxc6 30. Rg3+ Bg7 31. Bxh6 Qf8 32. a3 1-0

[Event "SVK-ch sf 33rd corr"]
[Site "Slovakia"]
[Date "2004.??.??"]
[Round "?"]
[White "Sipkovsky, Ladislav"]
[Black "Szegi, Viktor"]
[Result "0-1"]
[WhiteElo "2083"]
[BlackElo "1958"]
[PlyCount "66"]
[EventDate "2003.??.??"]
[EventType "tourn (corr)"]
[EventRounds "12"]
[EventCountry "SVK"]
[SourceTitle "Corr 2006"]
[Source "ChessBase"]
[SourceDate "2006.04.01"]
[SourceVersion "3"]
[SourceVersionDate "2006.04.01"]
[SourceQuality "1"]

1. e4 c5 2. Nf3 e6 3. d4 cxd4 4. Nxd4 Nf6 5. Nc3 d6 6. Be2 a6 7. 0-0 Be7 8. Re1 0-0 9. Be3 Qc7 10. Bd3 Nc6 11. Nde2 Ng4 12. Ng3 Nxe3 13. Rxe3 Bg5 14. Re1 Ne5 15. h3 Bd7 16. Nce2 Qb6 17. b3 f5 18. exf5 exf5 19. Bc4+ Nxc4 20. Qd5+ Kh8 21. Qxc4 Bb5 22. Qd5 Bc6 23. Qd4 Qc7 24. Rad1 d5 25. Nf1 Rad8 26. Qa1 f4 27. Nd4 Bd7 28. Nh2 Rde8 29. Nhf3 Bf6 30. Rxe8 Rxe8 31. Re1 Re4 32. c3 b5 33. a3 g5 0-1